Statystyki dla Grupy do UEFA CHEMPIONS

Kliknij tutaj aby rozwiązać quiz!

Ogólne statystyki

  • Ten quiz został rozwiązany 32 razy
  • Średni wynik to 13 z 32

Statystyki odpowiedzi

HintOdpowiedź% Poprawnych
GRUPA HBARCELONA
100%
GRUPA CREAL MADRYT
83%
GRUPA ABAYERN
67%
GRUPA AMANCHESTER UNITED
67%
GRUPA FPSG
67%
GRUPA GMANCHESTER CITY
58%
GRUPA HPORTO
58%
GRUPA EATLETICO MADRYT
54%
GRUPA FBORUSSIA DORTMUND
54%
GRUPA DINTER
54%
GRUPA CNAPOLI
54%
GRUPA BARSENAL
50%
GRUPA FMILAN
50%
GRUPA BSEVILLA
42%
GRUPA CUNION BERLIN
42%
GRUPA DBENFICA
38%
GRUPA HSZACHTAR DONIECK
38%
GRUPA AGALATASARAY
33%
GRUPA GLIPSK
33%
GRUPA FNEWCASTLE UNITED
33%
GRUPA BPSV
33%
GRUPA CBRAGA
29%
GRUPA ELAZIO,
29%
GRUPA BLENS
29%
GRUPA DREAL SOCIEDAD
29%
GRUPA HROYAL ANTWERP
25%
GRUPA GYOUNG BOYS
21%
GRUPA ECELTIC
17%
GRUPA EFEYENOORD
17%
GRUPA DSALZBURG
17%
GRUPA GCRVENA ZVEDA
0%
GRUPA AKOBENHAWN
0%

Rozkład punktacji

Percentyl według liczby udzielonych odpowiedzi

Procent ludzi z każdym wynikiem

Twoja historia wyników

Nie rozwiązałeś tego quizu